| 000 | 01404cam a2200325 i 4500 | ||
|---|---|---|---|
| 001 | 41831 | ||
| 003 | Mx-PuUPA | ||
| 005 | 20260302141937.0 | ||
| 008 | 140415s2008 mx ad gr 000 0 spa d | ||
| 020 | _a9789682482236 | ||
| 040 |
_aMx-PuUPA _bspa _cMx-PuUPA _dMx-PuUPA _erda |
||
| 041 | 0 | _aspa | |
| 100 | 1 |
_aToussaint Alcaraz, Florence, _914902 _eautor |
|
| 245 | 1 | 0 |
_aCrítica de la información de masas / _cFlorence Toussaint |
| 250 |
_aCuarta edición / _bagosto |
||
| 264 | 1 |
_aMéxico, D. F. : _bEditorial Trillas, _c©2008 |
|
| 300 |
_a120 páginas : _bilustraciones, diagramas ; _c23 cm |
||
| 336 |
_2rdacontent _atexto _btxt |
||
| 337 |
_2rdamedia _asin medio _bn |
||
| 338 |
_2rdacarrier _avolumen _bnc |
||
| 500 | _a"Funcionalismo y comunicación ; Corriente crítica y comunicación ; Economía política de la comunicación". -- Cubierta | ||
| 500 | _aReimpresiones: (febrero, 2014). | ||
| 650 | 7 |
_2armarc _aComunicación |
|
| 650 | 7 |
_2armarc _aTeoría de la comunicación |
|
| 775 | 0 |
_aToussaint Alcaraz, Florence, _bQuinta edición _dCiudad de México : Editorial Trillas ; 2019 _h93 Páginas : ilustraciones, diagramas; 23 cm _tCrítica de la información de masas _w(Mx-PuUPA) 28237 _z9786071735980 |
|
| 942 |
_2ddc _cLI _h302.23 _iT72 |
||
| 999 |
_c41831 _d41831 |
||